| 000 | 00774nam a2200217Ii 4500 | ||
|---|---|---|---|
| 003 | JO-AjNU | ||
| 008 | 230605s9999||||xx |||||||||||||| ||und|| | ||
| 017 | _a1977/3737 | ||
| 020 | _a977-286-084-8 | ||
| 040 |
_aJO-AjNU _bara _erda _cJO-AjNU |
||
| 041 | _aara | ||
| 050 | 1 | 4 | _aHF5500.D2.1977 |
| 100 | 3 |
_aدال،فرانسوا/ج.بونين كاباليه؛ترجمة وتقديم:احمد فؤاد نجيب, _eauthor _97774 |
|
| 245 | 0 | 0 | _aمستقبل السياسات الادارية |
| 264 | 3 | 1 | _aالقاهرة:دار نهضة مصر؛1977 |
| 300 |
_a360ص _bيحتوي على ببلوغرافية من ص358-360ص |
||
| 336 |
_atext _btxt _2rdacontent |
||
| 337 |
_aunmediated _bn _2rdamedia |
||
| 338 |
_avolume _bnc _2rdacarrier |
||
| 650 | 4 |
_aالادارة _97775 |
|
| 999 |
_aA450 _c4018 _d4018 |
||